Normal view
MARC view
- Igov V Komarov
Entry Personal Name
001 - CONTROL NUMBER
- control field: 125152
003 - CONTROL NUMBER IDENTIFIER
- control field: NUST
005 - DATE AND TIME OF LATEST TRANSACTION
- control field: 20240815141934.0
008 - FIXED-LENGTH DATA ELEMENTS
- fixed length control field: 240815|| aca||aabn | a|a d
040 ## - CATALOGING SOURCE
- Original cataloging agency: NUST
- Transcribing agency: NUST
100 ## - HEADING--PERSONAL NAME
- Personal name: Igov V Komarov
670 ## - SOURCE DATA FOUND
- Source citation: Work cat.: (NUST): Igov V Komarov, Fundamentals of Short -Range FM Radar , 2003.
